| 000 | 00652nam a2200205 a 4500 | ||
|---|---|---|---|
| 999 |
_c6245 _d6245 |
||
| 005 | 20250429170143.0 | ||
| 008 | 171211b xxu||||| |||| 00| 0 spa d | ||
| 040 |
_aCO-BoIAVH _cCO-BoIAVH |
||
| 041 | _aspa | ||
| 090 |
_aIAVH _b0003 |
||
| 110 | _bInstituto de Investigación de Recursos Biológicos Alexander von Humboldt | ||
| 245 | _aInforme gestión institucional anual 1997 | ||
| 260 |
_aBogotá _bInstituto Alexander von Humboldt _c1997 |
||
| 300 | _a53 páginas | ||
| 650 | 1 | 6 | _aInventarios de biodiversidad |
| 650 | 1 | 6 | _aUso y valoración |
| 650 | 1 | 6 | _aPolítica |
| 650 | 1 | 6 | _aBiología |
| 942 |
_cINFORME _03 _2z |
||